Statistics for Norway Multiple Choice

Click here to take the quiz!

General Stats

  • This quiz has been taken 88 times
  • The average score is 12 of 20

Answer Stats

Question Answer % Correct
What is the capital of Norway?Oslo
96%
Which of these extreme points was first reached by a Norwegian?the South Pole
86%
True or false: "Norge" is Norwegian and means "Norway"True
84%
Which organization isn't Norway part of?European Union
76%
True or false: The most successful biathlete of all time hails from NorwayTrue
74%
Which one of these Nordic artist is Norwegian?Edvard Munch
73%
How many countries border Norway?3
69%
True or false: No U.S. president has visited NorwayFalse
69%
What inglorious activity is Norway sadly famous for?hunting of whales
65%
Which of these terms has nothing to do with the sea?Lemming
64%
Who is the current monarch of Norway?Harald V
62%
Which U.S. state has the most Norwegian Americans?Minnesota
62%
What are Bokmål and Nynorsk?forms of the Norwegian language
58%
True or false: North Cape is Norway's northernmost pointFalse
54%
What's the largest fjord in Norway?Sognefjord
51%
Where would one find the Norwegian island of Bouvet?in the Southern Atlantic
51%
What/who are Trøndelag, Telemark and Akershus?counties (fylker)
46%
What did Norway consider concerning Finland's 100th anniversary?change their border
45%
What's the northernmost town in Norway?Longyearbyen
34%
What country did modern-day Norway belong to in 1500?Kalmar Union
20%

Score Distribution

Percentile by Number Answered

Percent of People with Each Score

Your Score History

You have not taken this quiz